10 nejdražších manažerských chyb jak se vyvarovat nejzávažnějších chyb při řízení lidí

Gespeichert in:
Bibliographische Detailangaben
1. Verfasser: Urban, Jan
Format: Buch
Sprache:Tschechisch
Veröffentlicht: Praha GRADA 2010
Schriftenreihe:Management
Schlagworte:
Tags: Tag hinzufügen
Keine Tags, Fügen Sie das erste Tag hinzu!

MARC

LEADER 00000nam a2200000 4500
001 0121149
005 20240313090643.3
020 |a 978-80-247-3176-6 
041 0 |a cze 
044 |a CZ 
245 1 0 |a 10 nejdražších manažerských chyb  |b jak se vyvarovat nejzávažnějších chyb při řízení lidí  |c Jan Urban 
264 1 |a Praha  |b GRADA  |c 2010 
300 |a 166 s. 
490 1 |a Management 
830 0 |a Management 
610 2 0 |a manažéri 
610 2 0 |a manažment 
610 2 0 |a riadenie podnikové 
610 2 0 |a riadenie ľudských zdrojov 
610 2 0 |a pracovníci riadiaci 
100 1 |a Urban, Jan